|
|
|
|
| LEADER |
00000nam2a2200000 4500 |
| 001 |
250307 |
| 005 |
20240914063125.0 |
| 035 |
|
|
|a (RuTPU)RU\TPU\book\272492
|
| 035 |
|
|
|a RU\TPU\book\272474
|
| 090 |
|
|
|a 250307
|
| 100 |
|
|
|a 20140212d1982 m y0rusy50 ca
|
| 101 |
0 |
|
|a rus
|
| 102 |
|
|
|a RU
|
| 105 |
|
|
|a y z 001eb
|
| 200 |
0 |
|
|a Т. 10: Письма 1831-1837 годов
|f примеч. И. Семенко
|
| 210 |
|
|
|d 1982
|
| 215 |
|
|
|a 606 с.
|d 13 см.
|
| 300 |
|
|
|a Авт. указан на корешке
|
| 300 |
|
|
|a На пер. загл. не указано.
|
| 320 |
|
|
|a Примечания: с. 469-560
|
| 320 |
|
|
|a Указатель писем по адресатам: с. 561-569
|
| 320 |
|
|
|a Античные, мифологические и исторические имена, встречающиеся в произведениях А. С. Пушкина: с. 570-605
|
| 320 |
|
|
|a Постраничные примечания.
|
| 461 |
|
1 |
|0 (RuTPU)RU\TPU\book\272357
|t Собрание сочинений
|o в 10 т.
|f А. С. Пушкин
|g оформление худож. Б. Лаврова
|v Т. 10: Письма 1831-1837 годов
|d 1982
|
| 600 |
|
1 |
|a Пушкин
|b А. С.
|c российский поэт
|c писатель
|f 1799-1837
|g Александр Сергеевич
|7 ca
|8 rus
|2 stltpush
|3 (RuTPU)RU\TPU\pers\1026
|9 453
|
| 610 |
1 |
|
|a русская литература
|
| 610 |
1 |
|
|a 19 век
|
| 610 |
1 |
|
|a эпистолярное наследие
|
| 610 |
1 |
|
|a миниатюрные издания
|
| 675 |
|
|
|a Р2
|v 3
|
| 702 |
|
1 |
|a Семенко
|b И.
|4 080
|
| 801 |
|
1 |
|a RU
|b 63413507
|c 20140211
|
| 801 |
|
2 |
|a RU
|b 63413507
|c 20140214
|g RCR
|
| 942 |
|
|
|c BK
|